00900nam a22002297a 450000100060000000300080000600500170001400800410003103500140007204000260008604100080011208200230012010000300014324500920017326000420026530000240030765000340033194200120036599900170037795201380039495201380053236175BD-RjUL20211209052439.0140617t1940 pk |||| |||| 000 0 eng d a(BD-RjUL) aBD-RjULbengcBD-RjUL aeng04a323.6954bNAC 194010aNarang, jai gopal911009110aConstituent assembly and our demand /cjai gopal Narang ; foreword by jawahar lal nehru aLahore :b Minerva Book Shop, c1940. aix, 94 p. ;c17 cm.07aIndia -- Nationality.9110092 2ddccBK c36175d36175 00102ddc40708NFICaRUCLbRUCLcStackd1968-08-07epromiliceg4.00l0o323.6954 NAC 1940r2014-06-17 00:00:00tC-2w2021-12-09yBK 00102ddc40718NFICaRUCLbRUCLcStackd1968-08-07epromiliceg4.00l0o323.6954 NAC 1940r2014-06-17 00:00:00tC-1w2021-12-09yBK